| 000 | 00459nam a2200157 i 4500 | ||
|---|---|---|---|
| 001 | 72511 | ||
| 003 | ES-MaACL | ||
| 005 | 20230906171445.0 | ||
| 007 | t| | ||
| 008 | 040901s1930 gw ||||1| ger d | ||
| 100 | 1 |
_aGlaeser, Ernst. _957386 |
|
| 245 | 1 | 0 |
_aFrieden / _cErnst Glaeser. |
| 260 |
_aBerlin : _bVerlag Gustav Kiepenheuer, _c1930 ( _eLeipzig : _fDruck der Offizin Haag-Drugulin) |
||
| 300 |
_a389 p. ; _c19 cm. |
||
| 852 |
_aES-MaACL _jC-4576 _bR.24403 |
||
| 999 |
_c72511 _d72511 |
||